| 000 | 00946pam a2200301 a 4500 | ||
|---|---|---|---|
| 001 | 013302296 | ||
| 003 | EG-ScBUE | ||
| 005 | 20220210122411.0 | ||
| 008 | 050919s2005 enk f 000 0 eng d | ||
| 020 | _a0571230091 | ||
| 020 | _a9780571230099 | ||
| 040 |
_aEG-ScBUE _beng _erda _cEG-ScBUE _dEG-ScBUE |
||
| 082 | 0 | 4 |
_a828.91409 _222 _bPIN |
| 100 | 1 |
_aPinter, Harold, _d1930-2008, _eauthor. _930680 |
|
| 245 | 1 | 0 |
_aVarious Voices : _bprose, poetry, politics, 1948-2005 / _cHarold Pinter. |
| 250 | _aRevised edition. | ||
| 264 | 1 |
_aLondon : _bFaber and Faber Limited, _c2005. |
|
| 300 |
_a266 pages ; _c20 cm |
||
| 336 |
_2rdacontent _atext _btxt |
||
| 337 |
_2rdamedia _aunmediated _bn |
||
| 338 |
_2rdacarrier _avolume _bnc |
||
| 500 | _aPrevious ed.: 1998. | ||
| 650 | 7 |
_aEnglish poetry _y15th century _xHistory and criticism. _2BUEsh |
|
| 651 | _2BUEsh | ||
| 653 |
_cJuly2012 _bHHUUEENN |
||
| 655 |
_vReading book _934232 |
||
| 942 |
_2ddc _cBB |
||
| 999 |
_c16894 _d16894 |
||